| 000 | 005840000a22001810004500 | ||
|---|---|---|---|
| 090 | _aSERIADAS | ||
| 100 | 1 |
_aRuiz Ochoa, Mauricio _9100730 |
|
| 700 | 1 |
_aBernal, Gladys _9100731 |
|
| 700 | 1 |
_aPolanía, Jaime _999648 |
|
| 245 | 1 | 0 | _aInfluencia del río Sinú y del mar Caribe en el sistema lagunar de Cispatá |
| 044 | _aColombia | ||
| 041 | 0 | _aEspañol | |
| 690 |
_aPrecipitación _99168 |
||
| 690 |
_aVariabiblidad climática _9100732 |
||
| 651 | 4 |
_pColombia _lRío Sinú _992749 |
|
| 942 | _cARTICULO | ||
| 773 | 1 |
_tBoletín de Investigaciones Marinas y Costeras _h1 _q31-51 _d2008 _g37 |
|
| 999 |
_c16393 _d16393 |
||